| 000 | 00000nam 2200000zi 4500 |
| 001 | 9.867768 |
| 003 | CaOODSP |
| 005 | 20221107162412 |
| 006 | m o d f |
| 007 | cr ||||||||||| |
| 008 | 190130s1959 onc ot f|0| 0 eng d |
| 040 | |aCaOODSP|beng|erda|cCaOODSP |
| 043 | |an-cn--- |
| 086 | 1 |aM38-1/41-1959E-PDF |
| 100 | 1 |aMcNamara, V. M., |eauthor. |
| 245 | 14|aThe elution with carbonate solution of an ion exchange resin loaded with uranyl sulphate / |cby V. M. McNamara and W. A. Gow. |
| 264 | 1|aOttawa, Ontario : |bDepartment of Mines and Technical Surveys, |c1959. |
| 300 | |a1 online resource (ii, 15 pages) |
| 336 | |atext|btxt|2rdacontent |
| 337 | |acomputer|bc|2rdamedia |
| 338 | |aonline resource|bcr|2rdacarrier |
| 490 | 1 |aMines Branch Research Report ; |vR 41 |
| 500 | |a"January 1959." |
| 504 | |aIncludes bibliographic references. |
| 520 | |a"A practical method has been developed by which sodium carbonate and sodium bicarbonate solutions can be employed to elute anion exchange resins which have been loaded with uranium from acid sulphate solutions"--Abstract, p. i. |
| 692 | 07|2gccst|aChemicals |
| 700 | 1 |aGow, W. A., |eauthor. |
| 710 | 1 |aCanada. |bDepartment of Mines and Technical Surveys. |
| 710 | 1 |aCanada. |bMines Branch. |
| 830 | #0|aResearch report (Canada. Mines Branch)|vR 41.|w(CaOODSP)9.855660 |
| 856 | 40|qPDF|s1.13 MB|uhttps://publications.gc.ca/collections/collection_2019/rncan-nrcan/m38-1/M38-1-41-1959-eng.pdf |